00893 a2200193 45000010006000000050017000060080041000230030015000640400040000790800083001192450057002020200022002592640046002813000026003275050222003530410008005751000021005838560095006044390020260407155720.0260407a2017 arg spa dAR-UNSa-BCEJYS aAR-UNSa-BCEJYSbspacAR-UNSa-BCEJYS a338.45xIndustria como sector económico. Producción comercial, industrial 10aThe industrial revolutionpa very short introduction a978-0-19-870678-6 1aNew York :bOxford University Pressc2017 axviii, 150 p.c17 cm. a1. Then and now - 2. The pre-industrial revolution, 1500-1700 - 3. Why the industrial revolution was british - 4. The condition of england - 5. Reform and democracy - 6. The spread of the industrial revolution abroad  aspa1 aAllen, Robert C.41uhttps://biblioeco.unsa.edu.ar/pmb/images/libros/L126787.jpgyImagen de portadaqimage/jpeg